Los derechos fundamentales de los jueces

Detalles Bibliográficos
Autor principal: Arnaiz, A. Saiz
Formato: eBook
Lenguaje:español
Publicado: Madrid: Marcial Pons, 2012
Materias:
Acceso en línea:Acceso restringido

MARC

LEADER 00000nam a22000007a 4500
005 20180304215616.0
007 cr|||| |||
008 180304s2012 es |||||s|||| 00||0 spa d
020 |a 978-84-9123-335-0 
035 |a 21033 
040 |a vLex 
090 |c 7437  |d 7437 
100 1 |a Arnaiz, A. Saiz 
245 1 3 |a Los derechos fundamentales de los jueces  |h [Recurso electrn̤ico] /  |c A. Saiz Arnaiz 
256 |a Servicio en ln̕ea 
260 |a Madrid:  |b Marcial Pons,  |c 2012 
300 |a 1 recurso electrn̤ico 
500 |a La preservacin̤ de la confianza de los ciudadanos en los tribunales, en definitiva, la garanta̕ de la independencia e imparcialidad de quienes los integran, supone para štos evidentes limitaciones en su comportamiento pb︢lico y en su actividad privada. Los derechos fundamentales de los jueces padecen as ̕afectaciones restrictivas que se vinculan a su condicin̤ de titulares del Poder Judicial del Estado. En este libro se analizan los problemas que plantea el estatuto iusfundamental de los miembros de la carrera judicial desde las prohibiciones constitucionales y las que resultan de la LOPJ, en ausencia, al contrario de cuanto sugieren todos los organismos internacionales y sucede en la mayora̕ de los pas̕es de nuestro entorno, de principios deontolg̤icos o cd̤igos de buena conducta que contribuyen decisivamente, y desde la libre aceptacin̤ de sus destinatarios, al fomento de una imprescindible cultura de independencia e imparcialidad. 
506 1 |a Disponible solo en los productos indicados  |d vLex Global  |d vLex Global (Academic Edition, excluding Law Schools)  |d vLex Global (U.S. Academic Edition, Law Schools)  |d vLex Global (U.S. Academic Edition, excluding Law Schools)  |d vLex Global (Academic Edition, Law Schools) 
650 0 4 |a Derecho Constitucional  |z Espaą 
740 0 |a vLex Libros (Servicio en ln̕ea) 
856 4 0 |u http://vlex.com/source/derechos-fundamentales-de-los-jueces-21033  |z Acceso restringido 
942 |c BOOK 
999 0 |a Constitutional right